| 000 | 00436nam a22001217a 4500 | ||
|---|---|---|---|
| 082 | _a220 PRO | ||
| 100 |
_aNC RUMMAN ADNAN NC TAHIR MUMTAZ NC UZMA SHAFIQ _971307 |
||
| 245 | _aPR-SOF-1759-OCULAR CONTROLLED SCRIPT DEVELOPER-Using Computer Vision and DIP Techniques | ||
| 260 |
_aISLAMABAD _bNUST COLLEGE OF EME _c2018 |
||
| 650 |
_a DE-ELECT-36 DECLASS _971308 |
||
| 700 |
_a PROJECT SUPERVISOR DR. SHAHZOR AHMAD _971309 |
||
| 942 | _cCR | ||
| 999 |
_c577896 _d577896 |
||